header

John Frank Stevens (Record no. 218383)

MARC details
000 -LEADER
fixed length control field 01568nam a2200361 a 4500
082 04 - DEWEY DECIMAL CLASSIFICATION NUMBER
Classification number 625.10092
-- B
100 1# - MAIN ENTRY--AUTHOR NAME
Personal name Foust, Clifford M.,
245 10 - TITLE STATEMENT
Title John Frank Stevens
260 ## - PUBLICATION, DISTRIBUTION, ETC. (IMPRINT)
Place of publication Bloomington :
Name of publisher Indiana University Press,
Year of publication 2013.
300 ## - PHYSICAL DESCRIPTION
Number of Pages xiv, 337 p. :
Other physical details ill., maps.
505 0# - FORMATTED CONTENTS NOTE
Formatted contents note A boy of West Gardiner -- Beginnings -- The Great Northern -- The Panama Canal : in -- The Panama Canal : out -- Interlude -- Railroading in Russia -- The final decades.
650 #0 - SUBJECT ADDED ENTRY--TOPICAL TERM
Topical Term Railroad engineers
Topical Term Railroad engineering
856 40 - ELECTRONIC LOCATION AND ACCESS
Uniform Resource Identifier http://site.ebrary.com/lib/rucke/Doc?id=10753567

No items available.

© 2026 Rongo University
Contact us: librarian | system librarian | Rongo university